Normal view
MARC view
Entry Personal Name
001 - CONTROL NUMBER
- control field: 11779
003 - CONTROL NUMBER IDENTIFIER
- control field: BD-RjUL
005 - DATE AND TIME OF LATEST TRANSACTION
- control field: 20240215110401.0
008 - FIXED-LENGTH DATA ELEMENTS
- fixed length control field: 240215|| aca||aabn | a|a d
040 ## - CATALOGING SOURCE
- Original cataloging agency: BD-RjUL
- Transcribing agency: BD-RjUL
100 ## - HEADING--PERSONAL NAME
- Personal name: মন্ডল, কৃষ্ণপদ, গবেষণা তত্ত্বাবধায়ক
670 ## - SOURCE DATA FOUND
- Source citation: Work cat.: (BD-RjUL)83100: পাল, দীনবন্ধু 11776, উচ্চাঙ্গসংগীতে তবলা বাদনের নান্দনিকতা /, ২০১০